| 000 | 00998cam a2200325 a 4500 | ||
|---|---|---|---|
| 001 | 3995662 | ||
| 003 | OSt | ||
| 005 | 20140310181713.0 | ||
| 008 | 961025s1994 ph ab b 000 0 eng | ||
| 010 | _a 95947040 | ||
| 020 | _a971889800X | ||
| 040 |
_aDLC _cDLC _dDLC |
||
| 042 | _alcode | ||
| 043 | _aa-ph--- | ||
| 050 | 0 | 0 |
_aJC 599 _b.P571 1994 |
| 245 | 0 | 0 |
_a'Philippines 2000' & human rights : _ba policy study paper / _cby Philippine Human Rights Information Center (PhilRights). |
| 246 | 3 | _a'Philippines 2000' and human rights | |
| 260 |
_aManila, Philippines : _bThe Center, _c[1994] |
||
| 300 |
_aiv, 41 p. : _bill.; _c27 cm. |
||
| 500 | _a"August 1994." | ||
| 504 | _aIncludes bibliographical references (p. 41). | ||
| 526 | _c880L-960L | ||
| 562 | _e1 | ||
| 650 | 0 |
_aHuman rights _zPhilippines. |
|
| 710 | 2 | _aPhilippine Human Rights Information Center. | |
| 906 |
_a7 _bcbc _corigode _d3 _encip _f19 _gy-gencatlg |
||
| 942 |
_2lcc _cBK |
||
| 999 |
_c1639 _d1639 |
||